header

The adhesion molecule factsbook (Record no. 223423)

MARC details
000 -LEADER
fixed length control field 01284nam a2200349Ia 4500
100 1# - MAIN ENTRY--AUTHOR NAME
Personal name Isacke, Clare M.
245 14 - TITLE STATEMENT
Title The adhesion molecule factsbook
250 ## - EDITION STATEMENT
Edition statement 2nd ed.
260 ## - PUBLICATION, DISTRIBUTION, ETC. (IMPRINT)
Place of publication San Diego :
Name of publisher Academic,
Year of publication c2000.
300 ## - PHYSICAL DESCRIPTION
Number of Pages ix, 313 p. :
Other physical details ill.
490 1# - SERIES STATEMENT
Series statement Factsbook series
650 #0 - SUBJECT ADDED ENTRY--TOPICAL TERM
Topical Term Cell adhesion molecules
Topical Term Biomolecules.
700 1# - ADDED ENTRY--PERSONAL NAME
Personal name Horton, Michael A.
856 40 - ELECTRONIC LOCATION AND ACCESS
Uniform Resource Identifier http://site.ebrary.com/lib/rucke/Doc?id=10201841

No items available.

© 2026 Rongo University
Contact us: librarian | system librarian | Rongo university